000 00725nam a22002057a 4500
003 OSt
005 20140310181927.0
008 130720t xxu||||| |||| 00| 0 eng d
020 _a0153312327
050 _aLB 1573
_b.F239 1989
082 _aTRE 372.4
_bH21t 1989
100 _aFarr, Roger C.
_91029
245 _aTutorial program :
_btutor's guide with supervisor's and teacher's manual. Grade 4. Levels 10
_cRoger C. Farr.
260 _aOrlando :
_bHarcourt Brace Jovanovich, Publishers,
_cc1989.
300 _a116 p. ;
_c28 cm.
520 _a1. Reading (Elementary)--United States. 2. English language--Study and teaching (Elementary)--United States.
942 _2lcc
_cBK-TR
999 _c7220
_d7220